| 000 | 00428nam a22001217a 4500 | ||
|---|---|---|---|
| 008 | 230629b xxu||||| |||| 00| 0 eng d | ||
| 082 |
_a346.06 _bEAC |
||
| 100 | _cEast African Community | ||
| 245 |
_aSecretariat of the Commission For East African Co-operation _b12th Meeting of the Permanent Tripartite Commission _cReport of the commission |
||
| 260 |
_aArusha, Tanzania _bEAC _c1999 |
||
| 300 | _avarious panging | ||
| 942 |
_2ddc _cBK |
||
| 999 |
_c3054 _d3054 |
||